Technical dictionary. plastics technology: (Record no. 6247)
[ view plain ]
| 000 -LEADER | |
|---|---|
| fixed length control field | 00856nac a22002171u 4500 |
| 082 ## - DEWEY DECIMAL CLASSIFICATION NUMBER | |
| Classification number | 603 |
| Item number | DES |
| 090 ## - LOCALLY ASSIGNED LC-TYPE CALL NUMBER (OCLC); LOCAL CALL NUMBER (OCLC) | |
| -- | 6247 |
| -- | 6247 |
| 100 ## - MAIN ENTRY--PERSONAL NAME | |
| Personal name | El Desouki, Hamdi Yasi |
| 245 ## - TITLE STATEMENT | |
| Title | Technical dictionary. plastics technology: |
| Remainder of title | English-French-German-Arabic/ |
| Statement of responsibility, etc | Compiled and defined by Hamdi Yasin El-Desouki; Revised and edited by Anwar Mahmoud Abd-el-Wahed |
| 260 ## - PUBLICATION, DISTRIBUTION, ETC. (IMPRINT) | |
| Place of publication, distribution, etc | Leipzig; Cairo: |
| Name of publisher, distributor, etc | Al-Ahram,1980 |
| Date of publication, distribution, etc | 1980 |
| 300 ## - PHYSICAL DESCRIPTION | |
| Extent | 114,217p.: |
| Other physical details | ill.; |
| Dimensions | 23 cm. |
| 440 ## - | |
| -- | al-maajim al Technolozhiya Al Takhasusiyah |
| 500 ## - GENERAL NOTE | |
| General note | distributer: Al-Ahram |
| 511 ## - PARTICIPANT OR PERFORMER NOTE | |
| Participant or performer note | catalogued by: wessam |
| 650 ## - SUBJECT ADDED ENTRY--TOPICAL TERM | |
| Topical term or geographic name as entry element | Plastics |
| General subdivision | Dictionaries |
| 650 ## - SUBJECT ADDED ENTRY--TOPICAL TERM | |
| Topical term or geographic name as entry element | Technology |
| Form subdivision | Dictionaries Arabic |
| 650 ## - SUBJECT ADDED ENTRY--TOPICAL TERM | |
| Topical term or geographic name as entry element | Technology |
| Form subdivision | Dictionaries German |
| 650 ## - SUBJECT ADDED ENTRY--TOPICAL TERM | |
| Topical term or geographic name as entry element | Technology |
| Form subdivision | Dictionaries French |
| 700 ## - ADDED ENTRY--PERSONAL NAME | |
| Personal name | Abd-El-Wahed, Anwar Mahmoud |
| 942 ## - ADDED ENTRY ELEMENTS (KOHA) | |
| Item type | NB - Book (Non borrowing) |
| Call number prefix | 603DES |
| Withdrawn status | Item status | Damaged status | Not for loan | Home library | Current library | Shelving location | Date acquired | Source of acquisition | Total Checkouts | Full call number | Barcode | Date last seen | Koha item type |
|---|---|---|---|---|---|---|---|---|---|---|---|---|---|
| Central Library | Central Library | First floor | 19/11/2007 | Purchase | 603DES | 000007132 | 15/07/2025 | NB - Book (Non borrowing) |